| 000 | 00441nam a2200181Ia 4500 | ||
|---|---|---|---|
| 008 | 230524s9999 xx 000 0 und d | ||
| 020 | _a8121920922 | ||
| 082 |
_a658.45 _bPRA |
||
| 100 | _aS.R. Pravin Bhatia | ||
| 245 | 0 | _aProfessional Communication Skills | |
| 250 | _a2ND | ||
| 260 |
_aNEW DELHI _bS. Chand _c2003 |
||
| 300 | _aVI;178 | ||
| 500 | _aQuantity Number: 5 | ||
| 650 | _aEnglish | ||
| 700 | _a A.M. Sheikh | ||
| 942 | _cBK | ||
| 999 |
_c21433 _d21433 |
||